NRL Regular Season Table 2015-2024 - Statistics

General Stats
  • This quiz has been taken 71 times
  • The average score is 15 of 17
Answer Stats
Points Playoff Apperances Team % Correct
384 10 Melbourne Storm
100%
328 9 Sydney Roosters
96%
283 6 Brisbane Broncos
94%
212 3 Canterbury Bankstown Bulldogs
94%
345 8 Penrith Panthers
94%
317 9 Cronulla Sutherland Sharks
91%
228 2 New Zealand Warriors
89%
266 5 Parramatta Eels
89%
285 5 Canberra Raiders
87%
52 0 Dolphins
87%
195 2 Gold Coast Titans
87%
288 6 South Sydney Rabbitohs
87%
188 0 Wests Tigers
87%
232 2 St George Illawarra Dragons
85%
211 4 Newcastle Knights
83%
268 5 North Queensland Cowboys
83%
254 4 Manly Waringah Sea Eagles
77%
No matching quizzes found
Score Distribution
Percent of People with Each Score
Percentile by Number Answered
Your Score History
You have not taken this quiz